00493nam a2200217Ia 4500008004000000041000800040082001100048100002100059245006600080260003000146650001000176650001200186650000800198650001400206650000700220650001400227650001200241650001000253650000600263650000600269210210b1829 xxu||||| |||| 00| 0 eng d aeng a911/19 aHEBER (Reginald) aNarrative of a journey through the upper provinces of India I aLondonbJohn Murrayc1829 aupper athrough athe aprovinces aof aNarrative ajourney aIndia aI aa